000
00277nam a2200109Ia 4500
008
200302s9999 xx 000 0 und d
100
_a
Eisenman, Peter & Other
245
_a
Reconstruction Deconstruction
260
_b
Acdemy Editions Group Ltd.
260
_c
1994
300
_a
96 P.,
999
_c
877
_d
877